Portais do abismo (Record no. 143471)

MARC details
000 -LÍDER
campo de controle de tamanho fixo 00494 a2200157 4500
001 - NÚMERO DE CONTROLE
campo de controle 143471
040 ## - FONTE DA CATALOGAÇÃO
Instituição que transcreveu o registro Leonardo Da Vinci
082 ## - CDD - CLASSIFICAÇÃO DECIMAL DE DEWEY
Número de Classificação 920 F565p
Número do exemplar F565p
100 ## - ENTRADA PRINCIPAL--NOME PESSOAL
Nome pessoal FISHER, Carrie
245 ## - TÍTULO
Título Portais do abismo
Restante do título os segredos da droga em Hollywood contados pela protagonis de<br/>'guerra nas estrelas'
260 ## - PUBLICAÇÃO, DISTRIBUIÇÃO, ETC.
Nome do editor, distribuidor, etc. Nova Cultural
Data da publicação, distribuição, etc. 1989
Local de publicação, distribuição, etc. São Paulo
300 ## - DESCRIÇÃO FÍSICA
Extensão 235
362 ## - DATAS DE PUBLICAÇÃO E/OU DESIGNAÇÃO SEQUENCIAL
Datas de publicação e/ou designação sequencial 19890000
697 ## - ENTRADA DE ASSUNTO LOCAL--ENTIDADE COLETIVA (RLIN)
Nome corporativo ou nome da jurisdição Biografia
-- Recuperação das drogas
-- Literatura Americana
-- Ensino médio
942 ## - ELEMENTOS DE ENTRADA ADICIONADOS (KOHA)
Tipo de material Koha Livros
Holdings
Situação do descarte Situação das perdas Situação física Não pode ser emprestado Biblioteca de origem Biblioteca atual Data de aquisição Total de empréstimos Número de chamada completo Código de barras Data de último acesso Data do preço efetivo Tipo de material Koha
        Leonardo Da Vinci - Osasco Leonardo Da Vinci - Osasco 27/03/2024   920 F565p O010817 27/03/2024 27/03/2024 Livros